Atlas de suelos de la República Argentina sistema de información geográfica ArcView incorporado.

Guardado en:
Autor Corporativo: Instituto Nacional de Tecnología Agropecuaria (Argentina). Centro de Investigación en Recursos Naturales. Instituto de Suelos.
Formato: Electrónico
Idioma:Undetermined
Publicado: Buenos Aires : Aeroterra : INTA CIRN Instituto de suelos, c1995.
Etiquetas: Agregar Etiqueta
Sin Etiquetas, Sea el primero en etiquetar este registro!
LEADER 00872nmm a22001695a 4500
001 EEA.libagro010159
005 20161013131025.0
008 141007s1995####ag#########m########und#d
082 0 4 |a 631.4782 
082 0 4 |a 631.44 
082 0 4 |a 004.56 
245 1 0 |a Atlas de suelos de la República Argentina  |h [recurso electrónico] :  |b sistema de información geográfica ArcView incorporado. 
260 |a Buenos Aires :  |b Aeroterra :  |b INTA CIRN Instituto de suelos,  |c c1995. 
300 |a 1 CD-ROM. 
538 |a PC compatible 386; Windows 3.0 o 3.11; 8 Mb de memoria RAM recomendada; 250 Mb espacio para almacenar información de la base de datos; monitor color; mouse; lector de CD-ROM. 
710 2 |a Instituto Nacional de Tecnología Agropecuaria (Argentina).  |b Centro de Investigación en Recursos Naturales.  |b Instituto de Suelos. 
859 |a AR-BbBCA  |b BIB. AGRONOMIA  |h 631.4782  |i A252 cd  |p 1997/2890